Bytový dom

Enregistré dans:
Détails bibliographiques
Auteur principal: Piffko, Šimon (Auteur)
Autres auteurs: Petro, Marek (Directeur de thèse)
Format: Manuscrit Livre
Langue:slovaque
Publié: 2024
Sujets:
Accès en ligne:http://is.stuba.sk/zp/portal_zp.pl?podrobnosti=168612
https://opac.crzp.sk/?fn=detailBiblioForm&sid=E866CA411CD4E51497BF8069BB2C
Tags: Ajouter un tag
Pas de tags, Soyez le premier à ajouter un tag!

MARC

LEADER 00000ntm a22000003a 4500
001 stuzp99579
003 SK-STU
005 20240917142819.6
007 ta
008 150427s2015----xo-----f-mn---000-0-slo-d
040 |a STU  |b slo 
041 0 |a slo 
100 1 |a Piffko, Šimon  |u 010270  |4 aut  |U SvF Stavebná fakulta  |T SvF Katedra technológie stavieb  |X 115891  |U V270  |Y 28  |7 115891 
242 0 1 |a Apartment House  |y eng 
245 1 0 |a Bytový dom 
260 |c 2024 
650 4 |a Bytový dom  |2 slo 
650 4 |a Projekt organizácie výstavby  |2 slo 
650 4 |a Plochá strecha  |2 slo 
650 4 |a Flat roof  |2 eng 
650 4 |a Apartment house  |2 eng 
650 4 |a Construction organization project  |2 eng 
700 1 |a Petro, Marek  |u 010270  |k Z8  |4 ths  |U SvF Stavebná fakulta  |T SvF Katedra technológie stavieb  |X 18958  |U V270  |Y 28  |7 A000018958 
856 4 |u http://is.stuba.sk/zp/portal_zp.pl?podrobnosti=168612 
856 4 |u https://opac.crzp.sk/?fn=detailBiblioForm&sid=E866CA411CD4E51497BF8069BB2C